| 000 -LEADER |
| fixed length control field |
00385 a2200145 4500 |
| 082 ## - DEWEY DECIMAL CLASSIFICATION NUMBER |
| Classification number |
H4 |
| Item number |
SUN/C |
| 100 ## - MAIN ENTRY--PERSONAL NAME |
| Personal name |
SunIthabhai L. |
| 9 (RLIN) |
109842 |
| 245 ## - TITLE STATEMENT |
| Title |
Chinthan anuchinthan/ |
| Statement of responsibility, etc. |
by SunIthabhai L. |
| 260 ## - PUBLICATION, DISTRIBUTION, ETC. |
| Name of publisher, distributor, etc. |
Jawahar Pustakalay, |
| Place of publication, distribution, etc. |
Madhura: |
| Date of publication, distribution, etc. |
2002. |
| 300 ## - PHYSICAL DESCRIPTION |
| Extent |
96p. |
| 650 ## - SUBJECT ADDED ENTRY--TOPICAL TERM |
| Topical term or geographic name entry element |
Essays Hindi |
| 9 (RLIN) |
109843 |
| 650 ## - SUBJECT ADDED ENTRY--TOPICAL TERM |
| Topical term or geographic name entry element |
Literature Hindi |
| 9 (RLIN) |
109844 |
| 650 ## - SUBJECT ADDED ENTRY--TOPICAL TERM |
| Topical term or geographic name entry element |
Literature |
| 9 (RLIN) |
109845 |
| 942 ## - ADDED ENTRY ELEMENTS (KOHA) |
| Koha item type |
Book |